[Event "40th Olympiad Open"]
[Site "Istanbul TUR"]
[Date "2012.08.31"]
[Round "4.47"]
[Board "3"]
[White "Cueto, Jonny"]
[Black "Ezov, Roman"]
[Result "1/2-1/2"]
[WhiteTitle "IM"]
[WhiteElo "2282"]
[BlackElo "2185"]
[WhiteTeam "Bolivia"]
[BlackTeam "Estonia"]
[WhiteFideId "3300145"]
[BlackFideId "4502078"]
[EventDate "2012.08.28"]

1. e4 c5 2. Nf3 e6 3. c3 d5 4. e5 Nc6 5. d4 Qb6 6. a3 Nh6 7. b4 cxd4 8. cxd4 Nf5
9. Bb2 Be7 10. Bd3 Bd7 11. Bxf5 exf5 12. Nc3 Be6 13. O-O O-O 14. Na4 Qc7 15. Rc1
a6 16. Qd3 Rac8 17. b5 axb5 18. Qxb5 Qa5 19. Qb3 b5 20. Nc3 b4 21. axb4 Qxb4 22.
Qxb4 Nxb4 23. Ba3 Ra8 24. Nb5 Rfb8 25. Bxb4 Bxb4 26. Nc7 Ra7 27. Nxe6 fxe6 28.
Rc6 Re8 29. Ng5 Rae7 30. h4 h6 31. Nf3 g6 32. Rb1 Ba5 33. Ra1 Rc7 34. Rxc7 Bxc7
35. Ra7 Re7 36. Ne1 Kf7 37. Ra6 Bd8 38. Nd3 Rb7 39. Kh2 Rb6 40. Ra7+ 1/2-1/2

[Event "40th Olympiad Open"]
[Site "Istanbul TUR"]
[Date "2012.08.31"]
[Round "4.47"]
[Board "4"]
[White "Ladva, Ottomar"]
[Black "Molina, Jorge"]
[Result "1-0"]
[BlackTitle "FM"]
[WhiteElo "2153"]
[BlackElo "2180"]
[WhiteTeam "Estonia"]
[BlackTeam "Bolivia"]
[WhiteFideId "4500024"]
[BlackFideId "3300161"]
[EventDate "2012.08.28"]

1. e4 c6 2. d4 d5 3. exd5 cxd5 4. c4 Nf6 5. Nc3 e6 6. Nf3 Be7 7. c5 O-O 8. b4 b6
9. Rb1 a5 10. a3 axb4 11. axb4 bxc5 12. bxc5 Ne4 13. Qc2 Qa5 14. Bd2 Nxd2 15.
Qxd2 Ba6 16. Nb5 Qxd2+ 17. Kxd2 Nc6 18. Nc3 Bf6 19. Bxa6 Rxa6 20. Kd3 Ra3 21.
Rb6 Rc8 22. Rhb1 h6 23. R1b3 Ra1 24. Rb1 Ra3 25. R6b3 Raa8 26. R3b2 Ra3 27. Ra2
Rxa2 28. Nxa2 g5 29. g4 Kg7 30. Nc3 Na5 31. Na4 h5 32. gxh5 Rh8 33. Rg1 Rxh5 34.
h4 Kh6 35. hxg5+ Bxg5 36. Nb6 Nc6 37. Nd7 Rh3 38. Ke2 Be7 39. Nde5 Nxe5 40. Nxe5
f6 41. Nf3 e5 42. Rg8 exd4 43. Rh8+ 1-0

[Event "40th Olympiad Open"]
[Site "Istanbul TUR"]
[Date "2012.08.31"]
[Round "4.48"]
[Board "3"]
[White "Iyti, Basher"]
[Black "Davy, Damion"]
[Result "1/2-1/2"]
[WhiteTitle "IM"]
[WhiteElo "2264"]
[BlackElo "2101"]
[WhiteTeam "Syria"]
[BlackTeam "Jamaica"]
[WhiteFideId "7601875"]
[BlackFideId "7400519"]
[EventDate "2012.08.28"]

1. d4 Nf6 2. Nf3 d5 3. e3 c6 4. c4 g6 5. Nc3 Bg7 6. Bd2 O-O 7. Rc1 a6 8. cxd5
Nxd5 9. h3 Nd7 10. Nxd5 cxd5 11. Qb3 Nb8 12. Be2 Nc6 13. O-O Qd6 14. Rc5 Rd8 15.
Rfc1 e6 16. Qb6 Bf6 17. Kf1 Qb8 18. R5c3 Re8 19. a3 Bd8 20. Qb3 Bd7 21. Qc2 Qd6
22. b4 Bf6 23. Rc5 Be7 24. Qb3 b5 25. R5c2 h5 26. Qb1 Kg7 27. Ne5 Rec8 28. Nxd7
Qxd7 29. a4 Na7 30. axb5 axb5 31. Ra2 Rxc1+ 32. Qxc1 Rb8 33. Rc2 Rc8 34. f3 Rxc2
35. Qxc2 Nc8 36. e4 Nb6 37. Qb2 Bf6 38. e5 Be7 39. Qa2 Nc4 40. Bc3 Qc7 41. Qa1
Bg5 42. g3 Bd2 43. Kf2 Be3+ 44. Ke1 h4 45. g4 Qd8 46. Bxc4 dxc4 47. Ke2 Bh6 48.
Be1 Qg5 49. Qc3 Kh7 50. Bf2 Kg8 51. Be1 Kh7 52. Bf2 Kg8 53. Be1 1/2-1/2

[Event "40th Olympiad Open"]
[Site "Istanbul TUR"]
[Date "2012.08.31"]
[Round "4.48"]
[Board "4"]
[White "Mellace, Andrew"]
[Black "Hammoudi, Ali"]
[Result "0-1"]
[WhiteElo "2081"]
[BlackElo "2155"]
[WhiteTeam "Jamaica"]
[BlackTeam "Syria"]
[WhiteFideId "7400055"]
[BlackFideId "7600321"]
[EventDate "2012.08.28"]

1. e4 e5 2. d4 exd4 3. Nf3 Nc6 4. Bc4 Nf6 5. e5 d5 6. Bb5 Ne4 7. Nxd4 Bd7 8.
Bxc6 bxc6 9. O-O Bc5 10. Be3 Qe7 11. f3 Nd6 12. Bf2 Nf5 13. c3 O-O 14. Re1 Rab8
15. Qc2 Bxd4 16. cxd4 Qb4 17. b3 Nxd4 18. Qd1 c5 19. Nd2 a5 20. Rc1 a4 21. a3
Qxa3 22. Bxd4 cxd4 23. Rxc7 Rfd8 24. bxa4 Bxa4 25. Qe2 Rb2 26. e6 Qe3+ 27. Qxe3
dxe3 28. exf7+ Kf8 29. Nf1 d4 30. h3 e2 31. Ng3 d3 32. Ne4 d2 33. Nxd2 Rdxd2 34.
Kf2 Bb5 35. Ra1 Ra2 36. Re1 Rd1 37. Rc1 Rad2 38. Rg1 0-1

[Event "40th Olympiad Open"]
[Site "Istanbul TUR"]
[Date "2012.08.31"]
[Round "4.49"]
[Board "1"]
[White "Eichab, Charles"]
[Black "Croes, Octavio"]
[Result "1/2-1/2"]
[WhiteTitle "CM"]
[BlackTitle "CM"]
[WhiteElo "2034"]
[BlackElo "1915"]
[WhiteTeam "Namibia"]
[BlackTeam "Aruba"]
[WhiteFideId "15200051"]
[BlackFideId "1007220"]
[EventDate "2012.08.28"]

1. e4 c5 2. Nf3 d6 3. d4 cxd4 4. Qxd4 Nc6 5. Bb5 Bd7 6. Bxc6 Bxc6 7. Nc3 Nf6 8.
Bg5 e6 9. Qd3 Be7 10. O-O-O O-O 11. Nd4 Qa5 12. f4 Rac8 13. Kb1 a6 14. g4 Rfd8
15. h4 Qc7 16. Bxf6 Bxf6 17. Nde2 b5 18. g5 Bxc3 19. Nxc3 d5 20. e5 d4 21. Ne4
Bxe4 22. Qxe4 d3 23. cxd3 Qc2+ 24. Ka1 Rc4 25. dxc4 Rxd1+ 26. Rxd1 Qxd1+ 27. Qb1
Qg4 28. cxb5 axb5 29. Qc1 h6 30. b3 Qxh4 31. Qc8+ Kh7 32. Qc2+ Kg8 33. Qc8+ Kh7
34. Qc2+ g6 35. Qd2 hxg5 36. fxg5 Qg3 37. Qe2 Qxg5 38. Kb2 b4 39. a4 bxa3+ 40.
Kxa3 Qe7+ 41. b4 f5 42. exf6 Qxf6 43. b5 Qc3+ 44. Ka4 Qa1+ 45. Kb4 Qd4+ 46. Qc4
Qb2+ 47. Ka5 Qa3+ 48. Qa4 Qc5 49. Ka6 Qc8+ 50. Ka5 Qc5 51. Qe4 Qa7+ 52. Kb4 Qe7+
53. Ka4 Qa7+ 54. Kb3 Qc5 55. Qc6 Qe3+ 56. Kc4 Qc1+ 57. Kd4 Qb2+ 58. Ke4 Kh6 1/2-1/2

[Event "40th Olympiad Open"]
[Site "Istanbul TUR"]
[Date "2012.08.31"]
[Round "4.49"]
[Board "2"]
[White "De Mey, Juan Pablo"]
[Black "Nakapunda, Otto"]
[Result "1-0"]
[BlackTitle "CM"]
[WhiteElo "1882"]
[BlackElo "2021"]
[WhiteTeam "Aruba"]
[BlackTeam "Namibia"]
[WhiteFideId "15900312"]
[BlackFideId "15200027"]
[EventDate "2012.08.28"]

1. e4 c6 2. d4 d5 3. exd5 cxd5 4. c4 Nf6 5. Nc3 e6 6. Nf3 Be7 7. cxd5 Nxd5 8.
Bc4 Nb6 9. Bb3 O-O 10. O-O Nc6 11. Bf4 Nb4 12. a3 N4d5 13. Bg3 Bf6 14. Ne4 Be7
15. Nc5 Bd6 16. Rc1 Bxg3 17. hxg3 Nf6 18. Re1 Nbd5 19. Ne5 b6 20. Nc6 Qd6 21.
Ne4 Nxe4 22. Rxe4 Nf6 23. Rh4 Bb7 24. Ne5 Rac8 25. Bc2 h6 26. Qd2 Rfd8 27. Rd1
Qd5 28. f3 Kf8 29. g4 Ke7 30. Bb1 Rh8 31. Qb4+ Rc5 32. g5 a5 33. gxf6+ gxf6 34.
Qxb6 Rb5 35. Qc7+ Ke8 36. Qxf7+ 1-0

[Event "40th Olympiad Open"]
[Site "Istanbul TUR"]
[Date "2012.08.31"]
[Round "4.50"]
[Board "1"]
[White "Oatlhotse, Providence"]
[Black "Blijstra, Wim"]
[Result "1-0"]
[WhiteTitle "CM"]
[WhiteElo "2267"]
[BlackElo "2206"]
[WhiteTeam "Botswana"]
[BlackTeam "Netherlands Antilles"]
[WhiteFideId "11300507"]
[BlackFideId "1018000"]
[EventDate "2012.08.28"]

1. d4 d5 2. c4 c6 3. Nf3 Nf6 4. Nc3 a6 5. h3 dxc4 6. e4 b5 7. e5 Nd5 8. a4 Bf5
9. g4 Nxc3 10. bxc3 Be4 11. e6 f6 12. Bg2 g6 13. O-O Bg7 14. Re1 Bd5 15. Bf4 O-O
16. Qb1 Ra7 17. Qb4 Rb7 18. a5 Qc8 19. Qc5 Re8 20. Nd2 Rd8 21. Ne4 Qxe6 22. Qb4
Qc8 23. Nc5 Ra7 24. Ra2 Bf8 25. Bxb8 Qxb8 26. Ne6 Rd6 27. Rae2 Kf7 28. Bxd5 cxd5
29. Qc5 Rdd7 30. Qa3 Qd6 31. Qc1 b4 32. Nxf8 Kxf8 33. Qh6+ Kg8 34. Re6 Qb8 35.
Rb6 Rdb7 36. Rxe7 Rxe7 37. Rxb8+ Kf7 38. Qxh7+ Ke6 39. Qg8+ Rf7 40. Rb6+ Ke7 41.
Rxb4 g5 42. Qb8 1-0

[Event "40th Olympiad Open"]
[Site "Istanbul TUR"]
[Date "2012.08.31"]
[Round "4.51"]
[Board "1"]
[White "Burgos Figueroa, Carlos E."]
[Black "Chipanga, Chiletso"]
[Result "1-0"]
[WhiteTitle "IM"]
[BlackTitle "CM"]
[WhiteElo "2272"]
[BlackElo "2116"]
[WhiteTeam "El Salvador"]
[BlackTeam "Malawi"]
[WhiteFideId "6700187"]
[BlackFideId "16400119"]
[EventDate "2012.08.28"]

1. e4 c5 2. Nf3 e6 3. d4 cxd4 4. Nxd4 Nc6 5. Nxc6 bxc6 6. Bd3 d5 7. Nd2 Nf6 8.
Qe2 Be7 9. O-O O-O 10. c4 Bb7 11. b3 g6 12. Bb2 d4 13. f4 c5 14. Rae1 Qc7 15. e5
Ne8 16. Ne4 Rc8 17. Bc1 Ng7 18. Rf3 f5 19. exf6 Bxf6 20. Rh3 Rce8 21. Nxf6+ Rxf6
22. Qe5 Rf7 23. Qxc7 Rxc7 24. Re5 Rec8 25. g4 Rc6 26. Rf3 Ra6 27. Rf2 Kf7 28. h4
Kf6 29. h5 Rc7 30. h6 Ne8 31. Re1 Re7 32. f5 gxf5 33. Bxf5 e5 34. g5+ Kf7 35.
Bxh7+ Ke6 36. Bg8+ Kd7 37. h7 Rxh7 38. Bxh7 Kd6 39. Bg6 Nc7 40. Rf6+ Ne6 41. Bf4
Kd7 42. Bf5 e4 43. Rf7+ Kc8 44. Re7 1-0

[Event "40th Olympiad Open"]
[Site "Istanbul TUR"]
[Date "2012.08.31"]
[Round "4.51"]
[Board "2"]
[White "Nyambalo, Joseph Xavier"]
[Black "Chavez, Ricardo Ernesto"]
[Result "1-0"]
[BlackTitle "FM"]
[WhiteElo "2100"]
[BlackElo "2205"]
[WhiteTeam "Malawi"]
[BlackTeam "El Salvador"]
[WhiteFideId "20500041"]
[BlackFideId "6700098"]
[EventDate "2012.08.28"]

1. Nf3 Nf6 2. d4 g6 3. c4 Bg7 4. Nc3 d6 5. e3 c5 6. dxc5 Qa5 7. cxd6 Ne4 8. Nd4
Nxc3 9. bxc3 Nc6 10. Bd2 exd6 11. Nb5 O-O 12. Be2 Ne5 13. O-O Be6 14. Nxd6 Qc5
15. Nb5 Nxc4 16. Nd4 Bd5 17. Be1 Nd6 18. Bf3 Bc4 19. Be2 Bd5 20. Bf3 Bc4 21. Be2
Bd5 22. a3 Ne4 23. c4 Bxc4 24. Bb4 Qd5 25. Bxc4 Qxc4 26. Rc1 Qa6 27. Bxf8 Rxf8
28. Qc2 Re8 29. a4 Qa5 30. Nb5 a6 31. Nc7 Re7 32. Rfd1 Be5 33. Nd5 Re6 34. Qc8+
Kg7 35. Qxb7 Qxa4 36. Nf4 Rf6 37. Qd5 Rf5 38. Rc4 Qb3 39. Rxe4 1-0

[Event "40th Olympiad Open"]
[Site "Istanbul TUR"]
[Date "2012.08.31"]
[Round "4.52"]
[Board "1"]
[White "Machin Rivera, Mark"]
[Black "Lazaris, Stelios"]
[Result "1-0"]
[WhiteTitle "FM"]
[WhiteElo "2323"]
[BlackElo "1827"]
[WhiteTeam "Puerto Rico"]
[BlackTeam "Cyprus"]
[WhiteFideId "3101126"]
[BlackFideId "5900425"]
[EventDate "2012.08.28"]

1. c4 e5 2. g3 d6 3. Bg2 g6 4. Nc3 Bg7 5. d3 Nd7 6. e4 Ngf6 7. Nge2 c6 8. O-O
O-O 9. b3 Re8 10. h3 Nf8 11. d4 Ne6 12. Be3 h6 13. Qd2 g5 14. d5 cxd5 15. cxd5
Nf8 16. Nb5 a6 17. Na3 b5 18. Rfc1 Bd7 19. Qb4 Qe7 20. Bb6 Ng6 21. Rc2 Rec8 22.
Rac1 Nh5 23. Qa5 Rxc2 24. Nxc2 Nhf4 25. gxf4 gxf4 26. f3 Nh4 27. Bf2 Nxg2 28.
Kxg2 Qg5+ 29. Kh2 Qh5 30. Ng1 Bf6 31. Ne1 Bh4 32. Rc2 Bg3+ 33. Bxg3 fxg3+ 34.
Kg2 Rf8 35. Qc7 Be8 36. Qxd6 f5 37. Qxe5 Bg6 38. Rc7 Rf7 39. Rc8+ Rf8 40. Rxf8+
Kxf8 41. Qf6+ Kg8 42. e5 f4 43. d6 Qf5 44. Qxf5 Bxf5 45. Ne2 Kf8 46. Nxf4 Bb1
47. e6 Bxa2 48. e7+ Ke8 49. Nd5 1-0

[Event "40th Olympiad Open"]
[Site "Istanbul TUR"]
[Date "2012.08.31"]
[Round "4.52"]
[Board "2"]
[White "Aristotelous, Vassilis"]
[Black "Vazquez Reyes, Raul"]
[Result "0-1"]
[BlackTitle "FM"]
[WhiteElo "1938"]
[BlackElo "2251"]
[WhiteTeam "Cyprus"]
[BlackTeam "Puerto Rico"]
[WhiteFideId "5900468"]
[BlackFideId "3100235"]
[EventDate "2012.08.28"]

1. e4 c5 2. Nc3 d6 3. f4 g6 4. Nf3 Bg7 5. d3 Nc6 6. g3 e6 7. Bg2 Nge7 8. O-O O-O
9. g4 f5 10. gxf5 exf5 11. Qe1 Nd4 12. Qf2 Kh8 13. Be3 Nec6 14. Rab1 Be6 15. a3
Qd7 16. Kh1 Rae8 17. Rbe1 b5 18. Nd1 fxe4 19. dxe4 Nxf3 20. Bxf3 Nd4 21. Bg2 a5
22. c3 Nc6 23. Qd2 b4 24. e5 bxc3 25. bxc3 dxe5 26. Qxd7 Bxd7 27. Bxc5 Rxf4 28.
Bd6 Rxf1+ 29. Rxf1 e4 30. Ne3 Bxc3 31. Rf7 Be6 32. Rc7 Rc8 33. Bxe4 Rxc7 34.
Bxc7 Be5 35. Bb6 Bd4 36. Bxd4+ Nxd4 37. Kg2 Kg7 38. Kf2 Kf6 39. Bd3 Ke5 40. Nc4+
Bxc4 41. Bxc4 Kf4 42. h3 g5 43. Bf7 h6 44. Be8 Nc2 45. a4 Nd4 46. Bf7 Nf5 47.
Be8 Nd6 48. Bg6 Ne4+ 49. Kg2 Ke3 50. Bf7 Kf4 51. Bg6 Nf6 52. Kf2 h5 53. Bf7 Ne4+
54. Kg2 h4 55. Bh5 Nc5 56. Bd1 Ke3 57. Bc2 Ke2 58. Kg1 Kf3 59. Kh2 Kf2 60. Bd1
Ke1 61. Bc2 Kd2 62. Bf5 Nxa4 63. Kg2 Ke3 64. Bd7 Nc5 0-1

[Event "40th Olympiad Open"]
[Site "Istanbul TUR"]
[Date "2012.08.31"]
[Round "4.52"]
[Board "3"]
[White "Berrios Echevarria, Gabriel"]
[Black "Constantinou, Pavlos"]
[Result "1-0"]
[WhiteTitle "FM"]
[WhiteElo "2221"]
[BlackElo "2064"]
[WhiteTeam "Puerto Rico"]
[BlackTeam "Cyprus"]
[WhiteFideId "3100928"]
[BlackFideId "5900328"]
[EventDate "2012.08.28"]

1. Nf3 c5 2. g3 g6 3. Bg2 Bg7 4. O-O Nc6 5. c4 e5 6. d3 Nge7 7. Nc3 O-O 8. Ne1
d6 9. Nc2 Be6 10. Ne3 Qd7 11. Re1 Bh3 12. Bh1 f5 13. f4 exf4 14. gxf4 Bd4 15.
Nb5 Bf6 16. Nd5 Nxd5 17. Bxd5+ Kh8 18. Nc3 Ne7 19. Bf3 g5 20. fxg5 Rg8 21. Kh1
Bxg5 22. Bxg5 Rxg5 23. Qd2 Rag8 24. Rg1 Bg4 25. Bg2 Rh5 26. Nd5 Nxd5 27. Bxd5
Qe7 28. Bxg8 Rxh2+ 29. Kxh2 Qh4+ 30. Kg2 Bh3+ 31. Kf3 Bg4+ 32. Rxg4 fxg4+ 33.
Ke4 Qe7+ 34. Kf4 Qe5+ 35. Kxg4 h5+ 36. Kf3 1-0

[Event "40th Olympiad Open"]
[Site "Istanbul TUR"]
[Date "2012.08.31"]
[Round "4.52"]
[Board "4"]
[White "Antoniou, Antonis"]
[Black "Montanez Nazario, Roberto"]
[Result "1-0"]
[WhiteTitle "CM"]
[WhiteElo "2205"]
[BlackElo "2144"]
[WhiteTeam "Cyprus"]
[BlackTeam "Puerto Rico"]
[WhiteFideId "5900123"]
[BlackFideId "3100316"]
[EventDate "2012.08.28"]

1. e4 c5 2. Nf3 d6 3. d4 cxd4 4. Nxd4 Nf6 5. Nc3 a6 6. Bg5 e6 7. f4 Qc7 8. Qf3
b5 9. f5 b4 10. Ncb5 axb5 11. Bxb5+ Bd7 12. fxe6 Bxb5 13. Nxb5 Qb7 14. Bxf6 Qxb5
15. Bxg7 Bxg7 16. Qxf7+ Kd8 17. Qxg7 Re8 18. Rf1 Rxe6 19. Rf8+ Re8 20. O-O-O Nd7
21. Rxd6 Kc7 22. Rxd7+ Qxd7 23. Rf7 Rad8 24. b3 Rxe4 25. Qxh7 Re2 26. Qh5 Re1+
27. Kb2 Re6 28. Qc5+ Rc6 29. Rxd7+ Rxd7 30. Qxb4 Rf7 31. Qa5+ Kb7 32. Qb5+ Kc7
33. Qe5+ Kb7 34. a4 Rf2 35. Qe7+ Kc8 36. Qe4 Kc7 37. b4 Rcf6 38. a5 R2f4 39.
Qe5+ Kb7 40. Kb3 R4f5 41. Qe4+ Ka6 42. Qa8+ 1-0

[Event "40th Olympiad Open"]
[Site "Istanbul TUR"]
[Date "2012.08.31"]
[Round "4.53"]
[Board "1"]
[White "Khader, Sami"]
[Black "Pace, Colin"]
[Result "1/2-1/2"]
[WhiteTitle "IM"]
[BlackTitle "CM"]
[WhiteElo "2392"]
[BlackElo "2136"]
[WhiteTeam "Jordan"]
[BlackTeam "Malta"]
[WhiteFideId "8100500"]
[BlackFideId "5600189"]
[EventDate "2012.08.28"]

1. d4 d5 2. c4 dxc4 3. Nf3 a6 4. e3 b5 5. a4 Bb7 6. axb5 axb5 7. Rxa8 Bxa8 8. b3
e6 9. bxc4 bxc4 10. Bxc4 Nf6 11. O-O Be7 12. Qa4+ Nbd7 13. Nbd2 O-O 14. Ba2 c5
15. Bb2 Ne4 16. Rd1 Nxd2 17. Rxd2 Qc7 18. dxc5 Nxc5 19. Qg4 g6 20. Qd4 f6 21.
Qc3 Qc6 22. Ba3 Kf7 23. Qc1 Ne4 24. Rc2 Bxa3 25. Rxc6 Bxc1 26. Rxc1 Re8 27. Nd4
Bd5 28. Bxd5 exd5 29. f3 Ng5 30. Kf2 Ne6 31. Rc6 Nxd4 32. exd4 Re6 33. Rc5 Rd6
34. Rc7+ Ke6 35. Rxh7 Ra6 36. Rh4 Ra2+ 37. Kg3 Rd2 38. Rg4 g5 39. h4 gxh4+ 40.
Rxh4 Kf5 41. Rg4 Ke6 42. Rf4 Re2 43. Rh4 Rd2 44. Kh2 Kf5 45. Rg4 Ke6 46. Kg3 Kf5
47. Kh3 Rd3 48. Kh2 Rd1 49. Kg3 Rd2 50. Kh4 Rd1 51. Kh3 Rd3 52. Kh2 Rd1 53. g3
Rd2+ 54. Kg1 Ke6 55. Kf1 Ra2 56. Rh4 Kf5 57. Rh5+ Ke6 58. f4 f5 59. Rh6+ Ke7 60.
Rh7+ Ke6 61. Rb7 Ra4 62. Rb6+ Ke7 1/2-1/2

[Event "40th Olympiad Open"]
[Site "Istanbul TUR"]
[Date "2012.08.31"]
[Round "4.53"]
[Board "3"]
[White "Samhouri, Bilal"]
[Black "Zerafa, Robert"]
[Result "1-0"]
[WhiteTitle "FM"]
[WhiteElo "2244"]
[BlackElo "2068"]
[WhiteTeam "Jordan"]
[BlackTeam "Malta"]
[WhiteFideId "8100942"]
[BlackFideId "5600618"]
[EventDate "2012.08.28"]

1. c4 Nf6 2. Nf3 g6 3. d4 Bg7 4. g3 O-O 5. Bg2 c6 6. Nc3 d5 7. cxd5 cxd5 8. Ne5
e6 9. O-O Nfd7 10. Nf3 Nc6 11. Bf4 a6 12. Rc1 f5 13. Na4 Re8 14. Qd2 Nb6 15. Bg5
Qc7 16. Bf4 Qd8 17. Nc5 Nc4 18. Qc3 Qb6 19. b3 Nxd4 20. Nxd4 Qxc5 21. Be3 e5 22.
Nxf5 d4 23. Nxg7 Kxg7 24. Qxc4 Qxc4 25. Rxc4 dxe3 26. Rc7+ Kg8 27. Bd5+ Be6 28.
Bxe6+ Rxe6 29. Rxb7 exf2+ 30. Rxf2 Rc8 31. Rff7 h5 32. Rbc7 Rxc7 33. Rxc7 Rd6
34. Kf2 Kf8 35. Ke3 Ke8 36. h4 Rd1 37. Rc6 1-0

[Event "40th Olympiad Open"]
[Site "Istanbul TUR"]
[Date "2012.08.31"]
[Round "4.53"]
[Board "4"]
[White "Zerafa, Patrick"]
[Black "Aboudi, Marwan"]
[Result "0-1"]
[WhiteTitle "CM"]
[WhiteElo "2089"]
[BlackElo "2160"]
[WhiteTeam "Malta"]
[BlackTeam "Jordan"]
[WhiteFideId "5600375"]
[BlackFideId "8100160"]
[EventDate "2012.08.28"]

1. d4 Nf6 2. Nf3 e6 3. g3 b6 4. Bg2 Bb7 5. O-O c5 6. c4 cxd4 7. Nxd4 Bxg2 8.
Kxg2 d6 9. Nc3 Qc8 10. Qa4+ Qd7 11. Qc2 Nc6 12. Nf3 Be7 13. b3 O-O 14. Bb2 Rfd8
15. Rad1 Qb7 16. Kg1 Rac8 17. Qb1 a6 18. Ne4 Nxe4 19. Qxe4 b5 20. Qg4 Bf8 21.
Nd2 bxc4 22. Nxc4 d5 23. Ne3 Qb4 24. Qf3 a5 25. h4 a4 26. h5 axb3 27. axb3 Qxb3
28. Ba1 d4 29. Rb1 Qa3 30. Bb2 Qa4 31. Ng4 f5 32. Nh2 Qa2 33. Qd3 Nb4 34. Qb5
Rb8 35. Qe5 Nc6 36. Qc7 Rxb2 37. Rxb2 Qxb2 38. Qxc6 Qxe2 39. Nf3 d3 40. Re1
Qxe1+ 41. Nxe1 d2 42. Qxe6+ Kh8 43. Nf3 Ra8 0-1

[Event "40th Olympiad Open"]
[Site "Istanbul TUR"]
[Date "2012.08.31"]
[Round "4.54"]
[Board "1"]
[White "Elarbi, Abobker"]
[Black "Matamoros Franco, Carlos S."]
[Result "0-1"]
[BlackTitle "GM"]
[WhiteElo "2259"]
[BlackElo "2548"]
[WhiteTeam "Libya"]
[BlackTeam "Ecuador"]
[WhiteFideId "9200355"]
[BlackFideId "3600017"]
[EventDate "2012.08.28"]

1. d4 Nf6 2. Nf3 c5 3. g3 cxd4 4. Qxd4 Nc6 5. Qa4 d6 6. c3 Bd7 7. Bg2 g6 8. O-O
Bg7 9. Re1 a6 10. Qd1 O-O 11. Nd4 Qc7 12. Nxc6 Bxc6 13. e4 b5 14. Qe2 a5 15. Nd2
b4 16. c4 a4 17. Rb1 Nd7 18. Nf1 Nc5 19. f3 b3 20. a3 Ne6 21. Qd3 Nd4 22. Be3
Nc2 23. Re2 Bb7 24. Nd2 Ba6 25. Bf1 Rac8 26. Rg2 e6 27. Bf2 d5 28. Nxb3 axb3 29.
Qxb3 Nd4 30. Qd1 dxc4 31. Bxd4 Rfd8 32. Be3 Rxd1 33. Rxd1 Qb7 34. Bc1 h6 35.
Rgd2 c3 36. bxc3 Bxf1 37. Rxf1 Rxc3 38. Bb2 Rb3 39. Bxg7 Kxg7 40. Kg2 Rxa3 41.
Re2 g5 42. g4 Qb5 43. Rd2 Kg6 44. h3 Qe5 45. Rb1 Rxf3 46. Kxf3 Qf4+ 0-1

[Event "40th Olympiad Open"]
[Site "Istanbul TUR"]
[Date "2012.08.31"]
[Round "4.54"]
[Board "2"]
[White "Guerra Tulcan, Lenin"]
[Black "Al-Zayat, Ahmed"]
[Result "1-0"]
[WhiteTitle "FM"]
[BlackTitle "FM"]
[WhiteElo "2424"]
[BlackElo "1977"]
[WhiteTeam "Ecuador"]
[BlackTeam "Libya"]
[WhiteFideId "3601382"]
[BlackFideId "9200380"]
[EventDate "2012.08.28"]

1. e4 d5 2. exd5 Qxd5 3. d4 Nf6 4. Nf3 Bg4 5. Be2 Nc6 6. Be3 a6 7. Nbd2 e6 8. a3
Qd7 9. c4 Be7 10. Qb3 Bxf3 11. Nxf3 O-O 12. h3 Rfd8 13. O-O h6 14. Rfd1 Na5 15.
Qc3 Qa4 16. b4 Nc6 17. Bd3 Na7 18. Bc2 Qe8 19. Ne5 Nc6 20. Rac1 Bf8 21. Bb1 g6
22. Bf4 Bg7 23. Nxc6 Qxc6 24. Be5 Rd7 25. Qe3 Rad8 26. Bd3 Qa4 27. Qf3 Ne8 28.
Bc2 Qc6 29. Be4 Qa4 30. Bxg7 Nxg7 31. Bxb7 Rd6 32. c5 Rd5 33. Bxd5 Rxd5 34. c6
Nf5 35. Qf4 Rd6 36. Rd3 a5 37. bxa5 Qxa5 38. g4 e5 39. Qd2 Qxd2 40. Rxd2 Nxd4
41. Kg2 Rd5 42. Rc3 g5 43. Rb2 Ra5 44. Rb8+ Kg7 45. Rb7 Ne6 46. Kf1 Ra6 47. Rb5
Kf6 48. Rd5 Rb6 49. Rd7 Nf4 50. Ke1 Ne6 51. Rf3+ Kg6 52. Rdxf7 Rxc6 53. R3f6# 1-0

[Event "40th Olympiad Open"]
[Site "Istanbul TUR"]
[Date "2012.08.31"]
[Round "4.54"]
[Board "3"]
[White "Asabri, Hussien"]
[Black "Macias Murillo, Bryan"]
[Result "1-0"]
[WhiteTitle "FM"]
[BlackTitle "IM"]
[WhiteElo "2211"]
[BlackElo "2365"]
[WhiteTeam "Libya"]
[BlackTeam "Ecuador"]
[WhiteFideId "9200177"]
[BlackFideId "3603296"]
[EventDate "2012.08.28"]

1. d4 Nf6 2. Nf3 c5 3. d5 g6 4. Nc3 Bg7 5. e4 d6 6. Be2 O-O 7. O-O Na6 8. Nd2
Nc7 9. a4 e6 10. Nc4 Nfe8 11. Be3 Rb8 12. Qd2 exd5 13. exd5 b6 14. Rfe1 a6 15.
Bf3 b5 16. axb5 Nxb5 17. Nxb5 Rxb5 18. c3 Rb7 19. Na5 Rd7 20. Nc6 Qc7 21. Bg5 f6
22. Bh4 Rdf7 23. Be2 Qb6 24. Bc4 Nc7 25. Bg3 Rd7 26. Re6 Rff7 27. Rxd6 Rxd6 28.
Bxd6 Bb7 29. Re1 Kh8 30. Nd8 Rf8 31. Bxf8 Bxf8 32. d6 Nd5 33. Nf7+ Kg7 34. Bxd5 1-0

[Event "40th Olympiad Open"]
[Site "Istanbul TUR"]
[Date "2012.08.31"]
[Round "4.54"]
[Board "4"]
[White "Mieles Palau, Daniel"]
[Black "Asabri, Hassan"]
[Result "1-0"]
[WhiteTitle "IM"]
[WhiteElo "2370"]
[BlackElo "2179"]
[WhiteTeam "Ecuador"]
[BlackTeam "Libya"]
[WhiteFideId "3600467"]
[BlackFideId "9200258"]
[EventDate "2012.08.28"]

1. c4 e5 2. g3 Nc6 3. Bg2 Nf6 4. Nc3 Bc5 5. e3 d6 6. Nge2 Bb6 7. h3 a6 8. d4 Bd7
9. a3 O-O 10. O-O Re8 11. b4 Qc8 12. Kh2 Ne7 13. Bb2 Bc6 14. d5 Bd7 15. e4 Ng6
16. Qd3 h5 17. Nd1 h4 18. g4 Qd8 19. Kh1 Qe7 20. Bc1 c6 21. dxc6 Bxc6 22. Ndc3
Bd4 23. Bg5 Bxc3 24. Nxc3 b5 25. cxb5 axb5 26. Nxb5 d5 27. exd5 e4 28. Qe2 Bxd5
29. Rac1 Rac8 30. Rfd1 Qe5 31. Be3 Ba8 32. Rxc8 Rxc8 33. Nd6 Rd8 34. Nf5 Rxd1+
35. Qxd1 Nd5 36. Bd4 Qc7 37. Bc5 Ngf4 38. Bd6 Qa7 39. Bxf4 Nxf4 40. Qd8+ Kh7 41.
Qxh4+ Kg8 42. Ne7+ Kf8 43. Nc8 1-0

[Event "40th Olympiad Open"]
[Site "Istanbul TUR"]
[Date "2012.08.31"]
[Round "4.56"]
[Board "1"]
[White "Wynn Zaw Htun"]
[Black "Kulpruethanon, Thanadon"]
[Result "1/2-1/2"]
[WhiteTitle "IM"]
[WhiteElo "2398"]
[BlackElo "2068"]
[WhiteTeam "Myanmar"]
[BlackTeam "Thailand"]
[WhiteFideId "13002783"]
[BlackFideId "6201610"]
[EventDate "2012.08.28"]

1. Nf3 Nf6 2. d3 g6 3. g3 Bg7 4. Bg2 O-O 5. O-O c5 6. e4 d6 7. h3 Nc6 8. Be3 Qb6
9. Nbd2 Qxb2 10. Nc4 Qb5 11. a4 Qa6 12. Nfd2 Nd7 13. Ra3 Nb6 14. Nxb6 axb6 15.
c4 Bd7 16. Nb1 Nd4 17. Nc3 b5 18. Bxd4 b4 19. Bxg7 Kxg7 20. Ra2 bxc3 21. Qa1 Qa5
22. Rc1 b5 23. cxb5 Bxb5 24. e5 Ra7 25. Rxc3 Kg8 26. h4 Bd7 27. exd6 exd6 28.
Rca3 Re8 29. Kh2 Qe1 30. Qb2 Be6 31. Ra1 Qe5 32. Qb6 Rae7 33. a5 Bd5 34. Qb1
Bxg2 35. Kxg2 Qd5+ 36. Kg1 Re2 37. Qf1 R2e7 38. a6 Ra7 39. Qb1 Qc6 40. Qc2 Rea8
41. Qa2 h5 42. Ra5 d5 43. Qa4 Qxa4 44. R5xa4 c4 45. dxc4 dxc4 46. Kf1 c3 47. Ke2
c2 48. Kd2 Rc8 49. Kc1 Rc6 50. R1a2 Kg7 1/2-1/2